| 000 | 01453 a2200289 4500 | ||
|---|---|---|---|
| 003 | Nust | ||
| 005 | 20170207154047.0 | ||
| 010 | _a 2004010470 | ||
| 020 | _a0415299500 (cassettes) | ||
| 020 | _a0415299519 (bk, cassette and cd pack) | ||
| 020 | _a0415299527 (cd) | ||
| 020 | _a0415299535 (pb) | ||
| 035 | _a(OCoLC)ocm55131311 | ||
| 040 | _cNust | ||
| 082 | 0 | 0 | _a428.2 |
| 100 | 1 | _aGareth King. | |
| 245 | 1 | 0 |
_aColloquial English (E-Book) _ba complete English language course / _cGareth King. |
| 260 |
_aLondon ; _aNew York : _bRoutledge, _c2005. |
||
| 300 |
_axvi, 288 p. : _bill. ; _c22 cm. |
||
| 440 | 4 | _aThe colloquial series | |
| 500 | _aIncludes index. | ||
| 505 | 0 | _aPleased To Meet You! (Page-1), Where Are You From? (Page-20), Could You Tell Me Where The Bank Is? (Page-33), Have You Got Any Bread? (Page-47), What Shall We Do Today? (Page-64), Hello, Could I Speak To Vicki? (Page-81), What Date Is It Today? (Page-98), Can I Make An Appointment? (Page-117), I’ve Lost My Passport! (Page-135), Which Do You Prefer? (Page-155), I’ll See You At Half Past Five! (Page-175), You Can’t Be Serious! (Page-194), The People We Met Were Fantastic! (Page-209), What Would You Do? (Page-226), I Said You’d Phone Back Later (Page-241). | |
| 650 | 0 | _aEnglish language | |
| 650 | 0 |
_aEnglish language _xSpoken English |
|
| 651 | _a(E-Book) | ||
| 856 | 4 | 2 |
_3Publisher description _uhttp://www.loc.gov/catdir/enhancements/fy0701/2004010470-d.html |
| 942 |
_2ddc _cBK |
||
| 999 |
_c192948 _d192948 |
||